00406nam a2200145Ia 4500003000400000008004100004040001600045082001300061100001700074245005300091700002100144260004200165650002600207650002700233GCL140319s9999 xx 000 0 eng d aGCL / cGCL04a535bM L1 aSEYMOUR, LEN10aLIGHT AND COLOR IN THE OUTDOORS / cSEYMOUR, LEN1 aMINNAERT, MARCEL a[S.N] : bSPRINGER - VERLAG ، c199204aLIGHT - POPULAR WORKS04aCOLOUR - POPULAR WORKS